[Event "XIV Festival A"]
[Site "Trieste ITA"]
[Date "2012.09.05"]
[Round "6"]
[White "Plenca, Julijan"]
[Black "Bernard, Jacques"]
[WhiteElo "2336"]
[BlackElo "2224"]
[Result "1-0"]
[PlyCount "149"]
[EventDate "2012.09.01"]

1. d4 f5 2. Nf3 Nf6 3. g3 e6 4. Bg2 d5 5. O-O Bd6 6. c4 c6 7. b3 Qe7 8. Bb2 O-O
9. Qc1 b6 10. Ne5 Bb7 11. Nd2 Ne4 12. Ndf3 Nd7 13. Qc2 Rac8 14. Nxd7 Qxd7 15.
Ne5 Qe7 16. e3 c5 17. dxc5 Rxc5 18. Qe2 Rfc8 19. f3 Nf6 20. Rfd1 Ba6 21. Qd2
dxc4 22. Qxd6 Qxd6 23. Rxd6 c3 24. Bxc3 Rxc3 25. Rad1 Rc1 26. R6d2 Rxd1+ 27.
Rxd1 Kf8 28. Rd2 Nd5 29. Kf2 Rc1 30. f4 Ra1 31. Bxd5 exd5 32. Nc6 Rh1 33. Kg2
Re1 34. Kf3 Bb7 35. Nd4 g6 36. b4 Ke7 37. Rc2 Kd7 38. b5 Rb1 39. g4 fxg4+ 40.
Kxg4 Re1 41. Rc3 Rg1+ 42. Kf3 Rf1+ 43. Kg2 Rb1 44. Ra3 Kc7 45. Rxa7 Re1 46. Ra3
Kd6 47. Rc3 Ra1 48. Rc2 Re1 49. Kf3 Rf1+ 50. Ke2 Rh1 51. Kd3 Rd1+ 52. Kc3 Bc8
53. a4 Bd7 54. Rd2 Ra1 55. Kb3 Rb1+ 56. Ka2 Re1 57. Nc2 Rf1 58. Nb4 Be6 59. Kb2
Kc5 60. Nd3+ Kc4 61. Nc1 Kb4 62. Rd4+ Kc5 63. Nb3+ Kd6 64. Rd2 Re1 65. Rc2 Bd7
66. a5 bxa5 67. b6 Rxe3 68. b7 Re8 69. Nxa5 Rb8 70. Ka3 Bf5 71. Rc6+ Kd7 72.
Rf6 Kc7 73. Kb4 h5 74. Kc5 Rd8 75. Nc6 1-0

[Event "XIV Festival A"]
[Site "Trieste ITA"]
[Date "2012.09.05"]
[Round "6"]
[White "Suc, Timothy"]
[Black "Iasman, Inna"]
[WhiteElo "2135"]
[BlackElo "2002"]
[Result "1-0"]
[PlyCount "95"]
[EventDate "2012.09.01"]

1. e4 c6 2. d4 d5 3. f3 e6 4. Nc3 Bb4 5. a3 Bxc3+ 6. bxc3 b6 7. Bd3 Ba6 8. Ne2
Ne7 9. O-O O-O 10. Bg5 Bxd3 11. Qxd3 Nd7 12. e5 c5 13. f4 c4 14. Qh3 Qe8 15.
Bxe7 Qxe7 16. f5 exf5 17. Nf4 g6 18. Nxd5 Qd8 19. Rad1 Re8 20. Rfe1 Rc8 21. Qh6
Re6 22. Nf4 Qf8 23. Qxf8+ Kxf8 24. Nxe6+ fxe6 25. a4 Ke7 26. a5 Rc7 27. Kf2 Rb7
28. axb6 Nxb6 29. Ke3 Nd5+ 30. Kd2 Kd7 31. Ra1 Kc7 32. Ra6 Nb6 33. h3 g5 34.
Rea1 Kb8 35. R1a5 Rc7 36. Rc5 Re7 37. Ra1 Kb7 38. Rb1 Rc7 39. g4 f4 40. h4 h6
41. hxg5 hxg5 42. Rxc7+ Kxc7 43. Rh1 a5 44. Rh5 a4 45. Rxg5 Nd5 46. Rh5 f3 47.
Rh7+ Kb6 48. Rf7 1-0

[Event "XIV Festival A"]
[Site "Trieste ITA"]
[Date "2012.09.05"]
[Round "6"]
[White "Vorobiov, Evgeny E."]
[Black "Turov, Maxim"]
[WhiteElo "2594"]
[BlackElo "2636"]
[Result "1/2-1/2"]
[PlyCount "45"]
[EventDate "2012.09.01"]

1. d4 d5 2. c4 e6 3. Nf3 Nf6 4. g3 Bb4+ 5. Bd2 Be7 6. Bg2 O-O 7. O-O c6 8. Qc2
b6 9. Rd1 Nbd7 10. Bf4 Bb7 11. Nc3 dxc4 12. Nd2 Nd5 13. Nxc4 Nxf4 14. gxf4 Qc7
15. e3 Rad8 16. a3 c5 17. d5 exd5 18. Nxd5 Bxd5 19. Rxd5 b5 20. Ne5 Nxe5 21.
Rxe5 Bd6 22. Rd5 Be7 23. Re5 1/2-1/2

[Event "XIV Festival A"]
[Site "Trieste ITA"]
[Date "2012.09.06"]
[Round "7"]
[White "Baklan, Vladimir"]
[Black "Jovanic, Ognjen"]
[WhiteElo "2610"]
[BlackElo "2511"]
[Result "1-0"]
[PlyCount "87"]
[EventDate "2012.09.01"]

1. e4 e5 2. Nf3 Nc6 3. Bb5 Nf6 4. O-O Nxe4 5. Re1 Nd6 6. Nxe5 Be7 7. Bf1 Nxe5
8. Rxe5 O-O 9. Nc3 c6 10. d4 Bf6 11. Re1 Nf5 12. d5 d6 13. Ne4 Be7 14. c3 Qb6
15. Bc4 Bd7 16. Bf4 Rae8 17. Qc2 h6 18. Rad1 c5 19. Bd3 Nh4 20. Nd2 Bg4 21. Rb1
Qc7 22. Bg3 Bh5 23. Qa4 Bg6 24. Bb5 Rd8 25. Rxe7 Qxe7 26. Bxh4 f6 27. Ra1 a6
28. Bf1 Bf7 29. Bd3 Bxd5 30. Nf1 Rfe8 31. f3 Bf7 32. Bf2 d5 33. Ng3 g6 34. Qg4
Kh7 35. h4 f5 36. Nxf5 Qf6 37. h5 gxf5 38. Bxf5+ Kh8 39. Bxc5 Qg5 40. Bd4+ Kg8
41. Qxg5+ hxg5 42. h6 Be6 43. h7+ Kf7 44. Bxe6+ 1-0

[Event "XIV Festival A"]
[Site "Trieste ITA"]
[Date "2012.09.06"]
[Round "7"]
[White "Banusz, Tamas"]
[Black "David, Alberto"]
[WhiteElo "2583"]
[BlackElo "2599"]
[Result "0-1"]
[PlyCount "180"]
[EventDate "2012.09.01"]

1. Nf3 Nf6 2. c4 b6 3. g3 Bb7 4. Bg2 g6 5. O-O Bg7 6. Nc3 O-O 7. Re1 c5 8. e4
Nc6 9. e5 Ne8 10. d4 Nxd4 11. Nxd4 Bxg2 12. Kxg2 cxd4 13. Qxd4 d6 14. Bf4 dxe5
15. Qxd8 Rxd8 16. Bxe5 Bxe5 17. Rxe5 e6 18. c5 Nf6 19. cxb6 axb6 20. Rb5 Rd6
21. Rd1 Rfd8 22. Rxd6 Rxd6 23. a4 h5 24. h3 Rc6 25. Kf3 Ne8 26. Ke2 Nd6 27. Rb4
f5 28. Kd3 Kf7 29. f4 Ke7 30. h4 Kd7 31. Ne2 Ne4 32. Rd4+ Ke7 33. Rb4 Kd7 34.
Ke3 Ke7 35. Nd4 Rd6 36. Rc4 Nxg3 37. Rc7+ Kd8 38. Nb5 Nf1+ 39. Ke2 Ng3+ 40. Ke1
Rd5 41. Rc6 e5 42. Rxb6 exf4 43. a5 Ne4 44. a6 f3 45. Rd6+ Nxd6 46. a7 Rxb5 47.
a8=Q+ Kd7 48. Qa7+ Kc6 49. Qa3 Ne4 50. Qxf3 Rxb2 51. Qa3 Rg2 52. Kf1 Rg4 53.
Qe7 Kd5 54. Ke2 Rg2+ 55. Ke3 Rg3+ 56. Ke2 Nc3+ 57. Kf2 Ne4+ 58. Ke2 Nd6 59. Kf2
Rg4 60. Kf3 Nc4 61. Qf7+ Kd4 62. Qd7+ Kc3 63. Kf2 Rf4+ 64. Kg3 Rg4+ 65. Kf2
Rxh4 66. Qg7+ Kd2 67. Qd7+ Kc1 68. Qa4 Rf4+ 69. Kg3 Rg4+ 70. Kf2 Rf4+ 71. Ke2
Re4+ 72. Kf2 Ne5 73. Qa1+ Kc2 74. Qa2+ Kc3 75. Qa5+ Kc4 76. Qc7+ Kd5 77. Kg3
h4+ 78. Kh3 Ke6 79. Qg7 Re3+ 80. Kh2 Ng4+ 81. Kh1 Rh3+ 82. Kg2 Rg3+ 83. Kh1 Nf6
84. Qh8 Ne4 85. Qc8+ Kd5 86. Qa8+ Kd4 87. Qa7+ Kd3 88. Kh2 Ke2 89. Qh7 Ng5 90.
Qe7+ Kf1 0-1

[Event "XIV Festival A"]
[Site "Trieste ITA"]
[Date "2012.09.06"]
[Round "7"]
[White "Bernard, Jacques"]
[Black "Laco, Giuseppe"]
[WhiteElo "2224"]
[BlackElo "2085"]
[Result "0-1"]
[PlyCount "94"]
[EventDate "2012.09.01"]

1. e4 c5 2. Nf3 Nc6 3. d4 cxd4 4. Nxd4 Nf6 5. Nc3 e6 6. Ndb5 Bb4 7. a3 Bxc3+ 8.
Nxc3 a6 9. Bf4 Qa5 10. Bd3 d5 11. O-O d4 12. b4 Qd8 13. b5 axb5 14. Nxb5 e5 15.
Bg5 h6 16. Bxf6 gxf6 17. Qh5 Be6 18. f4 Qe7 19. f5 Bc8 20. Bc4 Nd8 21. a4 Qc5
22. Kh1 Ke7 23. Bd5 Bd7 24. Qe2 Rc8 25. Rfc1 h5 26. c4 Nc6 27. Qd2 Rh7 28. a5
Ra8 29. Rcb1 h4 30. Nc7 Rxa5 31. Rxa5 Nxa5 32. Nb5 b6 33. Qd3 Rh8 34. g3 hxg3
35. Qxg3 Nxc4 36. Bxf7 Rf8 37. Bxc4 Qxc4 38. Qa3+ Qc5 39. Qd3 Bxb5 40. Qxb5
Qxb5 41. Rxb5 Rb8 42. Kg2 Kd6 43. Kf3 Kc6 44. Rb2 b5 45. h4 b4 46. Ke2 Kb5 47.
Kd3 Ra8 0-1

[Event "XIV Festival A"]
[Site "Trieste ITA"]
[Date "2012.09.06"]
[Round "7"]
[White "Boscolo, Federico"]
[Black "Kragelj, Igor"]
[WhiteElo "2330"]
[BlackElo "2192"]
[Result "1-0"]
[PlyCount "63"]
[EventDate "2012.09.01"]

1. e4 c5 2. Nf3 e6 3. c3 Nf6 4. e5 Nd5 5. d4 cxd4 6. cxd4 d6 7. Bc4 Nb6 8. Bd3
dxe5 9. Bg5 Be7 10. Bxe7 Qxe7 11. dxe5 Bd7 12. Nc3 Bc6 13. O-O N8d7 14. Re1 O-O
15. Nd4 Rac8 16. Qh5 g6 17. Qe2 a6 18. Nxc6 Rxc6 19. Be4 Rc7 20. f4 Rfc8 21.
Rad1 Nc4 22. Bf3 b5 23. Ne4 Kg7 24. b3 Ncb6 25. Nd6 Rb8 26. Rc1 Rxc1 27. Rxc1
Qd8 28. Qc2 Kf8 29. Qc7 Qxc7 30. Rxc7 h6 31. Bc6 Rd8 32. Nb7 1-0

[Event "XIV Festival A"]
[Site "Trieste ITA"]
[Date "2012.09.06"]
[Round "7"]
[White "Ceschia, Ivano"]
[Black "Tonel, Giulia"]
[WhiteElo "2291"]
[BlackElo "1975"]
[Result "1-0"]
[PlyCount "55"]
[EventDate "2012.09.01"]

1. e4 d6 2. d4 Nf6 3. Nc3 g6 4. Nf3 Bg7 5. Be2 O-O 6. O-O Bg4 7. Bg5 h6 8. Be3
Nc6 9. Qd2 Kh7 10. d5 Nb8 11. h3 Bc8 12. Nd4 c6 13. dxc6 Nxc6 14. Rad1 a6 15.
Nxc6 bxc6 16. e5 Nd5 17. Nxd5 cxd5 18. Qxd5 Be6 19. Qd2 Bxe5 20. Bxh6 Re8 21.
b3 Qc7 22. Bd3 Qc5 23. Be3 Qa3 24. f4 Bg7 25. f5 Bxf5 26. Bxf5 gxf5 27. Rxf5
Rh8 28. Rxf7 1-0

[Event "XIV Festival A"]
[Site "Trieste ITA"]
[Date "2012.09.06"]
[Round "7"]
[White "Franca, Veronika"]
[Black "Matijevic, Filip"]
[WhiteElo "1952"]
[BlackElo "2132"]
[Result "1-0"]
[PlyCount "119"]
[EventDate "2012.09.01"]

1. d4 Nf6 2. c4 g6 3. Nc3 d5 4. Nf3 Bg7 5. Bg5 Ne4 6. cxd5 Nxg5 7. Nxg5 e6 8.
Qd2 h6 9. Nh3 exd5 10. Qe3+ Kf8 11. Nf4 Nc6 12. Rd1 Kg8 13. g3 Ne7 14. Bg2 c6
15. Qd2 h5 16. h4 Bg4 17. Rc1 Kh7 18. O-O Nf5 19. e3 Nd6 20. b3 Re8 21. Nd3 Qe7
22. Nc5 b6 23. Nd3 Rac8 24. Rfe1 Ne4 25. Nxe4 dxe4 26. Nf4 c5 27. d5 Qe5 28.
Bf1 Rcd8 29. Bc4 f6 30. Qc2 Bf3 31. Ne6 Rxd5 32. Bxd5 Qxd5 33. Nf4 Qf5 34. Kh2
g5 35. Ng2 Rd8 36. Rg1 Qg4 37. Ne1 Bd1 38. Rxd1 Qxd1 39. Qxe4+ Kh8 40. hxg5
fxg5 41. Nf3 Qd5 42. Qxd5 Rxd5 43. e4 Rd3 44. Nxg5 Rd2 45. Rg2 Rxa2 46. f4
Rxg2+ 47. Kxg2 Bc3 48. e5 Kg7 49. Ne4 Bd4 50. Nd6 Bb2 51. Nc8 Bc1 52. f5 Bb2
53. e6 b5 54. Nd6 Kf8 55. Nxb5 a5 56. Nd6 Be5 57. Nc4 Bc7 58. f6 Ke8 59. Kh3
Bb8 60. g4 1-0

[Event "XIV Festival A"]
[Site "Trieste ITA"]
[Date "2012.09.06"]
[Round "7"]
[White "Iasman, Inna"]
[Black "Militello, Michele"]
[WhiteElo "2002"]
[BlackElo "1798"]
[Result "1-0"]
[PlyCount "71"]
[EventDate "2012.09.01"]

1. d4 d6 2. Nf3 Nf6 3. c4 Nbd7 4. Nc3 e5 5. e3 c6 6. Be2 Be7 7. O-O O-O 8. Qc2
Re8 9. Rd1 Qc7 10. Bd3 Nf8 11. h3 h6 12. b4 N6h7 13. Bb2 Ng5 14. Nxg5 hxg5 15.
dxe5 dxe5 16. Ne4 g4 17. hxg4 Bxg4 18. f3 Be6 19. c5 Red8 20. Nf2 Bg5 21. Qe2
Bh6 22. Ne4 Bf5 23. Nd6 Bxd3 24. Rxd3 Nd7 25. Rad1 Rf8 26. Nf5 Nf6 27. Nxh6+
gxh6 28. Rd6 Qe7 29. f4 Rad8 30. Bxe5 Rxd6 31. Rxd6 Ne8 32. Qg4+ Kh7 33. Qf5+
Kg8 34. Rxh6 f6 35. Bd6 Nxd6 36. cxd6 1-0

[Event "XIV Festival A"]
[Site "Trieste ITA"]
[Date "2012.09.06"]
[Round "7"]
[White "Jovic, Stanoje"]
[Black "Erwich, Frans A.G.M."]
[WhiteElo "2338"]
[BlackElo "2005"]
[Result "1-0"]
[PlyCount "80"]
[EventDate "2012.09.01"]

1. c4 g6 2. g3 Bg7 3. Bg2 c5 4. Nf3 Nc6 5. Nc3 d6 6. O-O e5 7. Ne1 Nge7 8. Nc2
O-O 9. Ne3 Be6 10. Ned5 Rb8 11. d3 Qd7 12. Qa4 a6 13. Bg5 f6 14. Bd2 b5 15.
Qxa6 bxc4 16. dxc4 Rxb2 17. Rfd1 Nd4 18. e3 Ndf5 19. Rab1 Rfb8 20. Rxb2 Rxb2
21. Qa8+ Qc8 22. Qa7 Kf8 23. Bc1 Nc6 24. Qa4 Rb8 25. a3 Bd7 26. Nb5 Ra8 27. Qc2
Qb8 28. Bd2 Ra6 29. Rb1 Qd8 30. h3 Nfe7 31. Nxd6 Bxh3 32. Nb7 Qc8 33. Nxe7 Nxe7
34. Bxh3 Qxh3 35. Nxc5 Rxa3 36. Bb4 Ra7 37. Ne4 Qe6 38. Bxe7+ Qxe7 39. Rb8+ Kf7
40. c5 g5 1-0

[Event "XIV Festival A"]
[Site "Trieste ITA"]
[Date "2012.09.06"]
[Round "7"]
[White "Leroy, Didier"]
[Black "Erwich, Frank A.S."]
[WhiteElo "2285"]
[BlackElo "2359"]
[Result "1/2-1/2"]
[PlyCount "27"]
[EventDate "2012.09.01"]

1. d4 Nf6 2. c4 e6 3. Nc3 Bb4 4. e3 b6 5. Nge2 Bb7 6. a3 Bd6 7. Ng1 O-O 8. Nf3
Ne4 9. Nxe4 Bxe4 10. Be2 f5 11. b4 a5 12. Bd2 axb4 13. axb4 Rxa1 14. Qxa1
1/2-1/2

[Event "XIV Festival A"]
[Site "Trieste ITA"]
[Date "2012.09.06"]
[Round "7"]
[White "Litrico, Paolo"]
[Black "Egartner, Wolfgang"]
[WhiteElo "1976"]
[BlackElo "2132"]
[Result "0-1"]
[PlyCount "143"]
[EventDate "2012.09.01"]

1. d4 d5 2. Bf4 Nf6 3. e3 c5 4. c3 Nc6 5. Nd2 Qb6 6. Qb3 Bf5 7. dxc5 Qxb3 8.
axb3 e5 9. Bg3 Bxc5 10. Bb5 e4 11. b4 Bb6 12. Nb3 O-O 13. Bd6 Rfd8 14. Bc5 Nd7
15. Ne2 Bxc5 16. Nxc5 Nxc5 17. bxc5 Ne5 18. Nd4 Bd7 19. Be2 a5 20. O-O a4 21.
Ra3 Rdc8 22. Rfa1 Rxc5 23. b4 Rcc8 24. b5 Nc4 25. Bxc4 Rxc4 26. Kf1 b6 27. Ke1
Ra5 28. Rb1 Rc5 29. Kd2 Bxb5 30. Rb4 g6 31. f4 exf3 32. gxf3 Kg7 33. f4 Kf8 34.
f5 Ke7 35. fxg6 hxg6 36. h4 Bd7 37. Rxb6 Rc7 38. Rb1 Ra6 39. Rh1 Rb7 40. Kc2
Rf6 41. Rh2 Rf1 42. h5 gxh5 43. Rxh5 Kd6 44. Rh2 Rbb1 45. Rd2 Rfc1+ 46. Kd3 Rd1
47. Rxd1 Rxd1+ 48. Kc2 Rh1 49. Kd3 Kc5 50. Ra2 f6 51. Rf2 Rh6 52. Kc2 Be8 53.
Kb2 Kc4 54. Nf5 Rh8 55. Nd6+ Kd3 56. Rxf6 a3+ 57. Kxa3 Kxc3 58. Nxe8 Rxe8 59.
Rc6+ Kd3 60. Rc5 Rxe3 61. Kb2 d4 62. Rh5 Kd2 63. Rh2+ Re2 64. Rh3 d3 65. Rh1
Rf2 66. Kb1 Kc3 67. Rc1+ Kd2 68. Rh1 Re2 69. Kb2 Rg2 70. Kb1 Rf2 71. Kb2 Re2
72. Kb1 0-1

[Event "XIV Festival A"]
[Site "Trieste ITA"]
[Date "2012.09.06"]
[Round "7"]
[White "Mazet, Julien"]
[Black "Bisi, Samuele"]
[WhiteElo "2128"]
[BlackElo "2050"]
[Result "1-0"]
[PlyCount "109"]
[EventDate "2012.09.01"]

1. d4 Nf6 2. Nf3 e6 3. c4 c5 4. e3 cxd4 5. exd4 d5 6. Nc3 b6 7. cxd5 Nxd5 8.
Bb5+ Bd7 9. Bd3 Bb4 10. Bd2 Nxc3 11. bxc3 Be7 12. Ne5 O-O 13. Be4 f6 14. Nxd7
Nxd7 15. Bxa8 Qxa8 16. O-O e5 17. Re1 Bd6 18. h3 Rd8 19. Qb3+ Kh8 20. Rad1 Qc6
21. dxe5 Nxe5 22. Bf4 Rc8 23. Bxe5 Bxe5 24. Qd5 Qxd5 25. Rxd5 h6 26. Rd3 Rxc3
27. Rxc3 Bxc3 28. Re7 a5 29. g4 Bd4 30. Kg2 Bc5 31. Rb7 Kh7 32. f4 h5 33. Kf3
hxg4+ 34. hxg4 Kh6 35. Ke4 Kg6 36. Rb8 Kh7 37. Kf5 Bd4 38. Rb7 Kh6 39. g5+ fxg5
40. fxg5+ Kh5 41. g6 Kh4 42. Rd7 Bc3 43. Rd6 b5 44. Rd5 b4 45. Rxa5 Kg3 46. Ra7
Kf3 47. Rd7 Ke3 48. Ke6 Ke4 49. Kf7 Kf5 50. Re7 Bd4 51. Re8 Kg5 52. Rg8 Kh6 53.
Rh8+ Kg5 54. Rh7 Kf5 55. Rxg7 1-0

[Event "XIV Festival A"]
[Site "Trieste ITA"]
[Date "2012.09.06"]
[Round "7"]
[White "Mazi, Leon"]
[Black "Mocchi, Tullio"]
[WhiteElo "2356"]
[BlackElo "2259"]
[Result "1-0"]
[PlyCount "145"]
[EventDate "2012.09.01"]

1. e4 c6 2. d4 d5 3. Nc3 dxe4 4. Nxe4 Nd7 5. Ng5 Ngf6 6. Bc4 e6 7. Qe2 Nb6 8.
Bd3 h6 9. N5f3 c5 10. dxc5 Bxc5 11. Ne5 Qc7 12. Ngf3 Nbd7 13. O-O Bd6 14. Re1
O-O 15. Nxd7 Bxd7 16. Ne5 Rad8 17. h3 Bc8 18. Bd2 Rfe8 19. a3 Nd7 20. Nc4 Be7
21. Bc3 Nc5 22. Qg4 Bf8 23. Be5 Qe7 24. Bf1 Rd5 25. b4 Nd7 26. Bb2 Nf6 27. Qg3
Rg5 28. Qf3 Nd5 29. Bd3 Nf6 30. h4 Rd5 31. Ne3 Rxd3 32. cxd3 Qd8 33. Nc4 Nd5
34. Ne5 Qe7 35. Rac1 b6 36. Rc4 Bb7 37. Qg3 Qd6 38. Qf3 Qe7 39. Nc6 Qd7 40. b5
a6 41. a4 f6 42. Qh5 e5 43. Bc1 axb5 44. axb5 Nc7 45. Na5 Rb8 46. Nxb7 Rxb7 47.
Rg4 Qxd3 48. Rg3 Qxb5 49. Bxh6 Nd5 50. Qf5 Qd7 51. Qf3 Qf7 52. h5 Qe6 53. Bc1
Qf7 54. Qf5 Ne7 55. Qf3 Rc7 56. Ba3 Nd5 57. Bxf8 Kxf8 58. Rd1 Rc5 59. h6 gxh6
60. Qa3 Qe6 61. Qa8+ Kf7 62. Qg8+ Ke7 63. Rg7+ Kd6 64. Qd8+ Kc6 65. Qa8+ Kb5
66. Ra1 Nc3 67. Rg8 e4 68. Qa6+ Kb4 69. Qa3+ Kb5 70. Qa6+ Kb4 71. Rd8 Qc6 72.
Rd4+ Rc4 73. Qa3+ 1-0

[Event "XIV Festival A"]
[Site "Trieste ITA"]
[Date "2012.09.06"]
[Round "7"]
[White "Oparin, Grigoriy"]
[Black "Bergez, Luc"]
[WhiteElo "2490"]
[BlackElo "2406"]
[Result "1-0"]
[PlyCount "41"]
[EventDate "2012.09.01"]

1. e4 c6 2. d4 d5 3. e5 Bf5 4. Nd2 e6 5. Nb3 Ne7 6. Nf3 Ng6 7. Be2 Nd7 8. O-O
f6 9. Ne1 fxe5 10. g4 e4 11. gxf5 exf5 12. f3 Bd6 13. fxe4 fxe4 14. Ng2 Qc7 15.
h3 Nf6 16. Bg5 Bh2+ 17. Kh1 Qg3 18. Bxf6 gxf6 19. Bh5 Ke7 20. Qg4 Qd6 21. Ne3
1-0

[Event "XIV Festival A"]
[Site "Trieste ITA"]
[Date "2012.09.06"]
[Round "7"]
[White "Pregarac, Valter"]
[Black "Basso, Pier Luigi"]
[WhiteElo "2181"]
[BlackElo "2112"]
[Result "1-0"]
[PlyCount "95"]
[EventDate "2012.09.01"]

1. d4 Nf6 2. c4 e6 3. Nc3 d5 4. cxd5 exd5 5. Bg5 Nbd7 6. e3 Be7 7. Bd3 O-O 8.
Nge2 b6 9. Ng3 g6 10. O-O Bb7 11. f4 c5 12. Bh6 Re8 13. f5 c4 14. Bc2 b5 15.
Qf3 b4 16. Nce2 Bf8 17. Bxf8 Kxf8 18. fxg6 hxg6 19. Qf4 Qe7 20. Rf3 Rec8 21.
Raf1 a5 22. Qh6+ Ke8 23. Qh8+ Qf8 24. Qxf8+ Kxf8 25. Rxf6 Nxf6 26. Rxf6 Rc6 27.
Rf1 Rb6 28. e4 dxe4 29. Nxe4 b3 30. axb3 cxb3 31. Bd3 Ba6 32. Bxa6 Raxa6 33.
Nc5 Ra7 34. Nc3 Rb4 35. N3a4 Re7 36. Rd1 Rc4 37. Rd2 Re1+ 38. Kf2 Rh1 39. d5
Rhc1 40. Nxb3 R1c2 41. Nb6 Rxd2+ 42. Nxd2 Rb4 43. Nbc4 a4 44. Ke3 Ke7 45. Kd4
f5 46. Kc5 Rb8 47. Nb6 Rh8 48. Nf3 1-0

[Event "XIV Festival A"]
[Site "Trieste ITA"]
[Date "2012.09.06"]
[Round "7"]
[White "Rombaldoni, Axel"]
[Black "Beletic, Daniel"]
[WhiteElo "2458"]
[BlackElo "2230"]
[Result "1-0"]
[PlyCount "69"]
[EventDate "2012.09.01"]

1. e4 c5 2. Nf3 d6 3. d4 cxd4 4. Nxd4 Nf6 5. f3 g6 6. c4 Bg7 7. Nc3 Nc6 8. Nc2
O-O 9. Be3 Be6 10. Qd2 Qa5 11. Be2 Rfc8 12. Nd5 Qxd2+ 13. Kxd2 Nd7 14. Rab1 a5
15. a4 Kf8 16. g4 Rab8 17. h4 h6 18. b3 b6 19. g5 h5 20. f4 Nc5 21. Bf3 Rd8 22.
Ke2 f6 23. gxf6 exf6 24. Rhg1 f5 25. Rxg6 Bf7 26. Rg5 Nxe4 27. Bxe4 fxe4 28.
Rbg1 Bh6 29. Rf5 Ne7 30. Nxe7 Kxe7 31. Nd4 Be8 32. Rg8 Bd7 33. Rg6 Rh8 34. Rxh5
Kf7 35. Rhxh6 1-0

[Event "XIV Festival A"]
[Site "Trieste ITA"]
[Date "2012.09.06"]
[Round "7"]
[White "Suc, Timothy"]
[Black "Capaliku, Aleks"]
[WhiteElo "2135"]
[BlackElo "2114"]
[Result "0-1"]
[PlyCount "128"]
[EventDate "2012.09.01"]

1. e4 e5 2. Nf3 Nc6 3. Bb5 a6 4. Ba4 Bc5 5. c3 d6 6. d4 exd4 7. cxd4 Bb4+ 8.
Bd2 Bxd2+ 9. Qxd2 Bd7 10. Nc3 Nf6 11. O-O O-O 12. h3 Ne7 13. Bc2 Ng6 14. Rad1
Nh5 15. e5 Nhf4 16. Ne4 Bc6 17. Qe3 dxe5 18. dxe5 Qe7 19. Rd4 Ne6 20. Rd2 Rad8
21. Rfd1 Rxd2 22. Rxd2 Rd8 23. Rxd8+ Qxd8 24. Bb3 Ngf4 25. g3 Nxh3+ 26. Kh2 Qd7
27. Bxe6 Qxe6 28. Nd4 Qc8 29. e6 Bxe4 30. exf7+ Kf8 31. Qxe4 Ng5 32. Qh4 h6 33.
f4 Nxf7 34. Qh5 Qd7 35. Qc5+ Nd6 36. Qe5 Qe7 37. Qd5 Qf7 38. Qe5 Kg8 39. Ne6
Ne8 40. f5 Nd6 41. g4 h5 42. Kg3 hxg4 43. Kxg4 Ne8 44. b3 Qe7 45. Kf3 Qd6 46.
Qc3 Qd5+ 47. Kf4 Nf6 48. Qxc7 Qxe6 49. Qxg7+ Kxg7 50. fxe6 Kf8 51. Ke5 Ke7 52.
a4 Ne8 53. Kd5 Nc7+ 54. Kc5 Na8 55. Kd5 Nb6+ 56. Kc5 Nc8 57. Kd5 Kd8 58. Kc5
Kc7 59. a5 Nd6 60. b4 Nb5 61. Kd5 Kd8 62. Ke5 Ke7 63. Kf5 Nd4+ 64. Ke5 Nxe6 0-1

[Event "XIV Festival A"]
[Site "Trieste ITA"]
[Date "2012.09.07"]
[Round "8"]
[White "Basso, Pier Luigi"]
[Black "Iasman, Inna"]
[WhiteElo "2112"]
[BlackElo "2002"]
[Result "1-0"]
[PlyCount "69"]
[EventDate "2012.09.01"]

1. e4 c6 2. d4 d5 3. Nc3 dxe4 4. Nxe4 Nd7 5. Nf3 Ngf6 6. Nxf6+ Nxf6 7. Bd3 Bg4
8. Be3 e6 9. h3 Bh5 10. O-O Bd6 11. c4 O-O 12. Be2 Qc7 13. Qb3 b6 14. Rfd1 Rad8
15. Bg5 Be7 16. Qe3 Rfe8 17. Bf4 Bd6 18. Bg5 Be7 19. Ne5 Bxe2 20. Qxe2 Nd7 21.
Bxe7 Rxe7 22. Ng4 h5 23. d5 cxd5 24. cxd5 Nc5 25. Ne3 exd5 26. Qxh5 Qe5 27. Qh4
d4 28. Ng4 Qd6 29. Rxd4 Qxd4 30. Qxe7 Ne4 31. Re1 Nc5 32. Ne5 Rf8 33. Nc6 Qxb2
34. Qh4 g6 35. Qh6 1-0

[Event "XIV Festival A"]
[Site "Trieste ITA"]
[Date "2012.09.07"]
[Round "8"]
[White "Bisi, Samuele"]
[Black "Movileanu, Daniela"]
[WhiteElo "2050"]
[BlackElo "1993"]
[Result "1-0"]
[PlyCount "103"]
[EventDate "2012.09.01"]

1. d4 g6 2. c4 Bg7 3. Nc3 d6 4. e4 a6 5. Be3 Nf6 6. f3 Nbd7 7. Qd2 c5 8. d5 Rb8
9. Nh3 Qa5 10. a4 Ne5 11. Nf2 Qb4 12. Nb1 Qxd2+ 13. Nxd2 b6 14. Be2 O-O 15. O-O
Bd7 16. h3 b5 17. axb5 axb5 18. b3 Nh5 19. Ra7 Ng3 20. Re1 Nxe2+ 21. Rxe2 Bc8
22. Rxe7 bxc4 23. bxc4 Ba6 24. Ng4 Nxc4 25. Nxc4 Bxc4 26. Rc2 Bb3 27. Rc1 Bb2
28. Kh2 h5 29. Rb1 Ba2 30. Rxb2 Rxb2 31. Nf6+ Kg7 32. Ne8+ Rxe8 33. Rxe8 Re2
34. Bf4 Bxd5 35. Bxd6 Bb3 36. Bxc5 f6 37. Re7+ Bf7 38. h4 Ra2 39. Bd4 Ra8 40.
Kg3 Rd8 41. Be3 Re8 42. Rc7 Kg8 43. Bd4 Kg7 44. Kf4 Re6 45. Bc3 Re8 46. g4 Re6
47. g5 Rb6 48. gxf6+ Kf8 49. Rc8+ Be8 50. Bd4 Ra6 51. Kg5 Kf7 52. Rc7+ 1-0

[Event "XIV Festival A"]
[Site "Trieste ITA"]
[Date "2012.09.07"]
[Round "8"]
[White "Boscolo, Federico"]
[Black "Mazi, Leon"]
[WhiteElo "2330"]
[BlackElo "2356"]
[Result "1-0"]
[PlyCount "81"]
[EventDate "2012.09.01"]

1. e4 e5 2. Nf3 Nc6 3. Bc4 Nf6 4. Ng5 d5 5. exd5 Na5 6. Bb5+ c6 7. dxc6 bxc6 8.
Bd3 h6 9. Ne4 Nd5 10. O-O g6 11. b3 f5 12. Nec3 Bg7 13. Nxd5 cxd5 14. Bb5+ Kf7
15. Bb2 d4 16. Re1 Bb7 17. Bf1 Rc8 18. Na3 Re8 19. c4 d3 20. Rc1 Nc6 21. c5 Qd5
22. Nc4 Bf8 23. Ne3 Qd7 24. a3 Nd4 25. b4 f4 26. Bxd4 Qxd4 27. Qb3+ Kg7 28. Nc4
e4 29. Qc3 Qxc3 30. Rxc3 Kf6 31. f3 exf3 32. Rxe8 Rxe8 33. gxf3 Bxf3 34. Rxd3
Be4 35. Nd6 Bxd6 36. Rxd6+ Ke5 37. d4+ Kf5 38. c6 f3 39. c7 Kf4 40. Rd8 Ke3 41.
h3 1-0

[Event "XIV Festival A"]
[Site "Trieste ITA"]
[Date "2012.09.07"]
[Round "8"]
[White "Drazic, Sinisa"]
[Black "Kuljasevic, Davorin"]
[WhiteElo "2511"]
[BlackElo "2555"]
[Result "1/2-1/2"]
[PlyCount "189"]
[EventDate "2012.09.01"]

1. d4 d5 2. Nf3 Nf6 3. c4 e6 4. g3 Bb4+ 5. Bd2 Be7 6. Bg2 c6 7. O-O O-O 8. Qb3
Nbd7 9. Rc1 a5 10. Bf4 Nh5 11. Bd2 Nhf6 12. Qc2 b6 13. cxd5 cxd5 14. Bf4 Ba6
15. Qd1 Rc8 16. Nbd2 Nh5 17. e3 Nxf4 18. exf4 b5 19. Rxc8 Qxc8 20. Rc1 Qb7 21.
Nb3 Qb6 22. Ne5 Nxe5 23. fxe5 Rc8 24. Rxc8+ Bxc8 25. Qc2 Bb7 26. Nc5 b4 27. Bf1
Qc6 28. f4 g6 29. Be2 Kf8 30. Kf2 Bxc5 31. Qxc5+ Qxc5 32. dxc5 Bc6 33. Ke3 Ke7
34. Bd3 Kf8 35. h4 Kg7 36. Kd4 h6 37. Ba6 Kf8 38. a3 bxa3 39. bxa3 Ke7 40. Be2
Kf8 41. g4 Ke7 42. Bd3 Ke8 43. Bc2 Ke7 44. Kc3 Ke8 45. Bd3 Ke7 46. Kb3 Ke8 47.
Kc3 Ke7 48. Kd4 Ke8 49. g5 hxg5 50. fxg5 Ke7 51. Be2 Kf8 52. Bd1 Ke7 53. h5
gxh5 54. Bxh5 Bb5 55. Bd1 Bc6 56. Bc2 Be8 57. Bd3 Bc6 58. Ke3 Kf8 59. Kf4 Ke7
60. Ba6 Kf8 61. Kg4 Kg7 62. Kf4 Kg6 63. Bd3+ Kg7 64. Kg4 Be8 65. Kh4 Bc6 66.
Be2 Kg6 67. Bh5+ Kg7 68. Kg3 Bb5 69. Kf4 Kf8 70. Bd1 Ke7 71. Bc2 Kf8 72. Ke3
Ke7 73. Kd4 Kd7 74. Bb1 Ke7 75. Kc3 Kd7 76. Bc2 Ke7 77. Kb3 Kd7 78. Kc3 Ke7 79.
Bh7 Kd7 80. Kd4 Ke7 81. Bc2 Kd7 82. g6 fxg6 83. Bxg6 Ke7 84. Bh5 Kd7 85. Bd1
Ke7 86. Kc3 Kd7 87. Bc2 Ke7 88. Bd1 Kd7 89. a4 Bc6 90. Kb3 Ke7 91. Be2 Kd7 92.
Bb5 Kc7 93. Kc3 Kd7 94. Kd4 Kc7 95. Kc3 1/2-1/2

[Event "XIV Festival A"]
[Site "Trieste ITA"]
[Date "2012.09.07"]
[Round "8"]
[White "Erdos, Viktor"]
[Black "Bosiocic, Marin"]
[WhiteElo "2643"]
[BlackElo "2577"]
[Result "1/2-1/2"]
[PlyCount "52"]
[EventDate "2012.09.01"]

1. d4 Nf6 2. c4 g6 3. Nc3 d5 4. Nf3 Bg7 5. cxd5 Nxd5 6. e4 Nxc3 7. bxc3 c5 8.
Be3 Bg4 9. Qd2 O-O 10. Rb1 Nc6 11. d5 Qa5 12. Rb5 Qxc3 13. Rxc5 Qxd2+ 14. Kxd2
Rad8 15. Kc2 Bxf3 16. gxf3 Nd4+ 17. Kd3 Nxf3 18. Ke2 Nd4+ 19. Kd3 Ne6 20. Ra5
a6 21. Bh3 f5 22. Rb1 Rd7 23. Rb6 Nd8 24. exf5 gxf5 25. Rc5 Be5 26. Ke2 Rd6
1/2-1/2